A Quiz for Warriors Stats

 Plays Quiz not verified by Sporcle

Also try: Which Color Is It?
Challenge
Share
Tweet
Embed
Score 0/15 Timer 08:00
0 Plays Today
Clue Answer % Correct
Title of U.S. version of the Mad Max sequel starring Mel GibsonThe Road Warrior
80%
Fantasy tv show that ran from 1995-2001 starring Lucy LawlessXena: Warrior Princess
76%
The full name of the NBA team that plays in the bay areaGolden State Warriors
74%
WWF wrestler who defeated Hulk Hogan in Wrestlemania VIThe Ultimate Warrior
68%
Nickname for the University of Hawaii's basketball teams, or a nickname for Jeff Gordon's race teamRainbow Warriors
52%
Chorus of the song 'Warrior' by Scandal: 'Shootin' at the walls of heartache / Bang, Bang/......'I am the Warrior
48%
SpikeTV show that uses historical data to pit weapons and soldiers from different time periods against each otherDeadliest Warrior
30%
Self described name of environmental activists fighting for various ecological causesEco-Warrior
30%
Clue Answer % Correct
Full name of the most recent (and final) entry to the popular rhythm game franchise developed by Neversoft and ActivisionGuitar Hero: Warriors of Rock
16%
Long running Japanese video game published by KoeiDynasty Warriors
14%
5th album of the Dropkick Murphys, containing hit 'I'm Shipping Up to Boston'The Warrior's Code
10%
2006 controversial book by Fox News' Bill O'ReillyCulture Warrior
8%
6th album from glam band T.Rex featuring the song 'Get it On'Electric Warrior
6%
Major waterway that passes through Tuscaloosa, AlabamaBlack Warrior River
4%
Reptilian humanoids from the 'Doctor Who' universeIce Warriors
4%

You're not logged in!

Compare scores with friends on all Sporcle quizzes.
Join for Free
OR
Log In

You Might Also Like...

Show Comments

Extras

Created Mar 4, 2011ReportFavoriteNominate
Tags:pertaining, warrior

Top Quizzes Today


Score Distribution

Your Account Isn't Verified!

In order to create a playlist on Sporcle, you need to verify the email address you used during registration. Go to your Sporcle Settings to finish the process.

Report this User

Report this user for behavior that violates our Community Guidelines.

Details: